000 00445nmm a2200145Ia 4500
008 251105s9999||||xx |||||||||||||||||und||
041 _aspa
100 _aIbáñez, José
245 0 _aBébeme, bésame
264 _a[Madrid, España] :
_bAnantes Gestoría Cultural,
_c[Fecha de publicación no identificada]
300 _a0 páginas
650 _aSpanish narrative
856 _uhttps://public.digitaliapublishing.com/a/84013
942 _cCF
999 _c103954
_d103954